00252nam a2200097Ia 4500008004100000100001900041245004800060260002900108260000900137300000800146170620s9999 xx 000 0 und d aSingh & Pandey 0aEnglish Classroom Teaching With Theoretical bShahitya Prakashan- Agra c2015 a151